| 000 | 00652nam a2200229Ia 4500 | ||
|---|---|---|---|
| 003 | OSt | ||
| 005 | 20251205165007.0 | ||
| 008 | 210719s2021 xx 000 0 und d | ||
| 020 | _a978-93-87192-98-0 | ||
| 040 | _cAL | ||
| 041 | _aEnglish | ||
| 082 | _a364.15092 VEEE | ||
| 100 |
_aVEERABHADRAPPA (Kum) _9248019 |
||
| 245 |
_aEncounter _bBiographical novel of a natorious criminal |
||
| 260 |
_aBengaluru _bAnkita Pustaka _c2021 |
||
| 300 |
_a304 _bHB |
||
| 365 |
_b330 _cRs |
||
| 650 |
_aBiography _9248020 |
||
| 650 |
_aCriminology _9248021 |
||
| 906 | _aBiographical ; criminal ; Encounter ; Enkauntar ; natorious ; novel | ||
| 942 |
_2ddc _cBK |
||
| 999 |
_c211805 _d211805 |
||